Genetics essentials: Concepts and connections (Record no. 393758)

MARC details
000 -LEADER
fixed length control field 00509 a2200205 4500
005 - DATE & TIME
control field 20260129110934.0
008 - FIXED-LENGTH DATA ELEMENTS--GENERAL INFORMATION
fixed length control field 260128b |||||||| |||| 00| 0 eng d
020 ## - ISBN
International Standard Book Number 9781319524845
Price £ 69.99
040 ## - CATALOGING SOURCE
Original cataloging agency VIVEKANANDA LIBRARY
082 ## - DDC NUMBER
Classification number 575.1
Book Number P611G(5)
100 ## - MAIN ENTRY--PERSONAL NAME
Personal name Pierce, Benjamin
245 ## - TITLE STATEMENT
Title Genetics essentials: Concepts and connections
250 ## - EDITION STATEMENT
Edition statement 5th
260 ## - PUBLICATION, DISTRIBUTION, ETC. (IMPRINT)
Name of publisher, distributor, etc Macmillan Learning
Date of publication, distribution, etc 2025
Place of publication, distribution, etc New York
300 ## - PHYSICAL DESCRIPTION
Pages xvii, 528
650 ## - Subject
Subject Gene
650 ## - Subject
Subject Genetics
650 ## - Subject
Subject DNA
942 ## - ADDED ENTRY ELEMENTS (KOHA)
Koha item type Books
Holdings
Withdrawn status Lost status Source of classification or shelving scheme Damaged status Not for loan Location (home branch) Sublocation or collection (holding branch) Shelving location Date acquired Koha issues (times borrowed) Koha full call number Accession No. Koha date last seen Koha item type
    Dewey Decimal Classification     VIVEKANANDA LIBRARY VIVEKANANDA LIBRARY Vivekananda Library 03/12/2025   575.1 P611G(5) 443498 03/12/2025 Books
© Designed and Maintained by Vivekananda Library, MDU Rohtak